Opsiyon değerlemenin temelleri ve temel opsiyon değerleme modelleri ile stokastik değişkenliğin İMKB hisse senedi piyasaları'nda geçerliliklerinin araştırılması/ (Record no. 39459)
| 000 -BAŞLIK | |
|---|---|
| Sabit Uzunluktaki Kontrol Alanı | 02058nam a22004097a 4500 |
| 001 - KONTROL NUMARASI | |
| Control Dosyası | 0039581 |
| 003 - KONTROL NUMARASI KİMLİĞİ | |
| Kontrol Alanı | KOHA_MİRAKIL |
| 005 - EN SON İŞLEM TARİHİ ve ZAMANI | |
| Kontrol Alanı | 20260207003134.0 |
| 007 - FİZİKSEL TANIM SABİT ALAN - GENEL BİLGİ | |
| Sabit uzunluklu kontrol alanı | ta |
| 008 - SABİT UZUNLUKTAKİ VERİ ÖGELERİ - GENEL BİLGİ | |
| Sabit Alan | 130226b2006 tu a|||gr||||#||||0|tur | |
| 040 ## - KATALOGLAMA KAYNAĞI | |
| Özgün Kataloglama Kurumu | TR-BiSEU |
| Kataloglama Dili | tur |
| Çeviri Kurumu | TR-BiSEU |
| Açıklama Kuralları | rda |
| 041 0# - DİL KODU | |
| Metin ya da ses kaydının dil kodu | tur |
| 044 ## - YAYINLAYAN/ÜRETEN KURULUŞUN ÜLKE KODU | |
| ISO country code | tu |
| 050 ## - SINIFLAMA ve YER NUMARASI | |
| Sınıflama Numarası | HG6024.9 |
| Yer Numarası | .G65 2006 |
| 100 1# - KİŞİ ADI | |
| Yazar Adı (Kişi adı) | Gökçe, Gökçe Alp. |
| 245 1# - ESER ADI BİLDİRİMİ | |
| Başlık | Opsiyon değerlemenin temelleri ve temel opsiyon değerleme modelleri ile stokastik değişkenliğin İMKB hisse senedi piyasaları'nda geçerliliklerinin araştırılması/ |
| Sorumluluk Bildirimi | Gökçe Alp Gökçe ; Gökçe Alp Gökçe. |
| 264 #1 - ÜRERİM, YAYIN, DAĞITIM ve TELİF BİLDİRİMİ | |
| Yayın yeri | İstanbul : |
| Yayınlayan | İktisadi Araştırmalar Vakfı |
| Yayın tarihi | 2006 |
| 300 ## - FİZİKSEL TANIMLAMA | |
| Sayfa, Cilt vb. | 326 sayfa : |
| Diğer fiziki detaylar | tbl. ; |
| Boyutları | 23 cm. |
| 336 ## - İÇERİK TÜRÜ | |
| Content type term | metin |
| Content type code | txt |
| Source | rdacontent |
| 337 ## - MEDYA TÜRÜ | |
| Media type term | aracısız |
| Media type code | n |
| Source | rdamedia |
| 338 ## - TAŞIYICI TÜRÜ | |
| Carrier type term | cilt |
| Carrier type code | nc |
| Source | rdacarrier |
| 490 0# - DİZİ BİLDİRİMİ | |
| Dizi Bildirimi | İktisadi Araştırmalar Vakfı. |
| 490 0# - DİZİ BİLDİRİMİ | |
| Dizi Bildirimi | Tez değerlendirme yarışma dizisi |
| 500 ## - GENEL NOT | |
| Genel Not | İstanbul Üniversitesi Sosyal Bilimler Enstitüsü'nce kabul edilmiş Doktora tezidir. |
| 500 ## - GENEL NOT | |
| Genel Not | Kaynakça var. |
| 500 ## - GENEL NOT | |
| Genel Not | Ünal Aysal Tez Değerlendirme yarışması 2006/1 |
| 505 ## - İÇİNDEKİLER NOTU | |
| İçindekiler Notu | ÖNSÖZ...7 |
| 650 #0 - KONU BAŞLIĞI EK GİRİŞ - KONU TERİMİ | |
| Konusal terim veya coğrafi ad | Financial future--Turkey. |
| 9 (RLIN) | 73561 |
| 650 #0 - KONU BAŞLIĞI EK GİRİŞ - KONU TERİMİ | |
| Konusal terim veya coğrafi ad | Financial future. |
| 9 (RLIN) | 73562 |
| 650 #0 - KONU BAŞLIĞI EK GİRİŞ - KONU TERİMİ | |
| Konusal terim veya coğrafi ad | Options (finance)--Turkey. |
| 9 (RLIN) | 73563 |
| 650 #0 - KONU BAŞLIĞI EK GİRİŞ - KONU TERİMİ | |
| Konusal terim veya coğrafi ad | Vadeli işlemler piyasası--Türkiye. |
| 9 (RLIN) | 73564 |
| 650 #0 - KONU BAŞLIĞI EK GİRİŞ - KONU TERİMİ | |
| Konusal terim veya coğrafi ad | Vadeli işlemler. |
| 9 (RLIN) | 6680 |
| 650 #0 - KONU BAŞLIĞI EK GİRİŞ - KONU TERİMİ | |
| Konusal terim veya coğrafi ad | Opsiyonlar (finans)--Türkiye. |
| 9 (RLIN) | 73565 |
| 830 0# - SERİ EK GİRİŞİ - TEKBİÇİM ESER ADI | |
| Tekbiçim Başlık | İktisadi Araştırmalar Vakfı. |
| 9 (RLIN) | 20178 |
| 830 0# - SERİ EK GİRİŞİ - TEKBİÇİM ESER ADI | |
| Tekbiçim Başlık | Tez değerlendirme yarışma dizisi |
| 9 (RLIN) | 73566 |
| 942 ## - EK GİRİŞ ÖGELERİ (KOHA) | |
| Source of classification or shelving scheme | Library of Congress Classification |
| Koha item type | Book |
| 505 ## - İÇİNDEKİLER NOTU | |
| -- | ÖZET...9 |
| -- | ABSTRACT...10 |
| -- | TABLOLAR VE ŞEKİLLER LİSTESİ...11 |
| -- | GİRİŞ...15 |
| -- | I.BÖLÜM |
| -- | TEMEL OPSİYON KAVRAMLARI...19-22 |
| -- | II.BÖLÜM |
| -- | OPSİYON DEĞERLEMENİN TEMELLERİ...25-48 |
| -- | III.BÖLÜM |
| -- | TEMEL OPSİYON DEĞERLEME MODELLERİ VE RASSAL SÜREÇLER...62-170 |
| -- | IV.BÖLÜM |
| -- | TEMEL OPSİYON DEĞERLEME MODELLERİNİN İMKB HİSSE SENEDİ PİYASALARINDA GEÇERLİLİKLERİNİN ARAŞTIRILMASI...189-326 |
| -- | SONUÇ VE ÖNERİLER...277 |
| -- | KAYNAKÇA...291 |
| -- | ÖZGEÇMİŞ...326 |
| Materyal Türü | Kalıcı Konum | Mevcut Konum | Raf Yeri | Sınıflandırma Kaynağı | Edinim Bilgisi | Ana Konular | Alt Konular | Yer Numarası | Demirbaş Numarası | Fatura Tarihi | Geri Çekilme Durumu | Kayıp Durumu | Hasarlı Durumu | Kredi için değil | Kayıt Tarih | Toplam Ödünçverme | Son Görülme Tarihi | Son Kontrol Tarihi | Genel / Bağış Notu |
|---|---|---|---|---|---|---|---|---|---|---|---|---|---|---|---|---|---|---|---|
| Book | Prof. Dr. Azmi Özcan Kütüphanesi | Prof. Dr. Azmi Özcan Kütüphanesi | Uluğbey Salonu | Library of Congress Classification | Bağış | SOSYAL BİLİMLER | Finans | HG6024.9 .G65 2006 | 0039581 | 02/02/2026 | 26/02/2013 | 05/12/2024 | 05/12/2024 | Genel Bağış |
